000 00575nam a22001457a 4500
008 160816b xxu||||| |||| 00| 0 eng d
050 _aBS2595.3.D133 1975
100 _aDain, Ronald and Diepen, Jac van
_925122
245 _aLuke's Gospel for Africa Today
_bA school certificate course based on the Kenyan syllabus for Christian religious education
_cRonald Dain and JAc van Diepen
250 _aRev. ed.
260 _aNairobi
_bOxford University Press
_c1975
300 _axviii, 299p. ;
_c21cm.
650 _aBible N.T. Luke
_xCommentaries
_915294
942 _2lcc
_cMONOGRAPH
999 _c125031
_d125031